| 000 | 00685nam a22002057a 4500 | ||
|---|---|---|---|
| 003 | OSt | ||
| 005 | 20250703030351.0 | ||
| 008 | 250703b |||||||| |||| 00| 0 eng d | ||
| 020 | _a9786214160174 | ||
| 040 |
_aDWCL - Main lib _cOC |
||
| 082 | _aFil. 657.95 R456a 2017 | ||
| 100 | _aReyes, Virgilo D. | ||
| 245 |
_aA study on Accounting for Partnerships and Corporations/ _cVirgilio D. Reyes |
||
| 250 | _a2017 edition. | ||
| 260 |
_aManila : _b GIC Enterprises & Co., _c c2017. |
||
| 300 |
_axi, various pagings : _b illustrations ; _c27 cm. |
||
| 650 | _a1. Corporations--Accounting. | ||
| 650 | _a2. Partnerships--Accounting. | ||
| 942 |
_2ddc _cBK - FIL _e2017 edition. _kFil. _n0 |
||
| 999 |
_c3364 _d3364 |
||